面积最小的50个地级行政区 The 50 smallest China prefecture-level regions - Statistics

General Stats
  • This quiz has been taken 150 times
  • The average score is 35 of 50
Answer Stats
面积/km² 县区 % Correct
27 三沙市
90%
1701 厦门市
89%
1736 珠海市
89%
1784 中山市
89%
2199 汕头市
89%
1997 深圳市
87%
2460 东莞市
87%
1224 嘉峪关市
86%
1459 舟山市
84%
1754 乌海市
84%
3160 新余市
82%
5266 揭阳市
82%
1596 鄂州市
81%
2182 鹤壁市
81%
3146 潮州市
80%
1922 三亚市
79%
2289 海口市
79%
3798 佛山市
78%
3840 镇江市
78%
3831 萍乡市
76%
4865 汕尾市
76%
3560 鹰潭市
75%
3881 铜川市
75%
3398 儋州市
73%
4200 莆田市
73%
3989 北海市
71%
4627 无锡市
71%
2741 淮北市
70%
4372 常州市
69%
4381 自贡市
69%
5262 景德镇市
68%
4223 嘉兴市
67%
2692 漯河市
66%
4103 盘锦市
65%
4564 枣庄市
64%
5006 湘潭市
64%
3008 铜陵市
62%
4188 濮阳市
62%
5359 日照市
61%
5402 营口市
60%
4559 阳泉市
58%
4049 马鞍山市
56%
5310 石嘴山市
54%
5385 内江市
54%
4586 黄石市
53%
4996 许昌市
53%
5140 辽源市
48%
5323 遂宁市
48%
4071 焦作市
47%
4736 辽阳市
47%
No matching quizzes found
Score Distribution
Percent of People with Each Score
Percentile by Number Answered
Your Score History
You have not taken this quiz